[Event "Belgrade City-chT"]
[Site "Belgrade"]
[Date "2013.11.02"]
[Round "3"]
[White "Zivkovic, Ljubomir S"]
[Black "Pokrajac, Momcilo"]
[Result "1-0"]
[WhiteElo "2074"]
[BlackElo "1899"]
[PlyCount "132"]
[EventDate "2013.10.26"]
[EventType "team-tourn"]
[EventRounds "11"]
[EventCountry "SRB"]
[SourceTitle "EXT 2015"]
[Source "ChessBase"]
[SourceDate "2014.11.20"]
[SourceVersion "1"]
[SourceVersionDate "2014.11.20"]
[SourceQuality "1"]

1. d4 e6 2. c4 d5 3. Nf3 c5 4. cxd5 exd5 5. Nc3 Nf6 6. Bg5 Be6 7. e3 Be7 8. Bb5+ Nc6 9. Ne5 Qb6 10. dxc5 Bxc5 11. 0-0 Be7 12. Qa4 0-0 13. Bxc6 bxc6 14. Nxc6 Bd6 15. Nd4 Rac8 16. Qb5 Qd8 17. Bxf6 Qxf6 18. Rfc1 Rb8 19. Qe2 Qh6 20. g3 Qh3 21. Nxe6 fxe6 22. Rc2 Rf7 23. Qf1 Qf5 24. Rac1 Rbf8 25. Rd2 Qg4 26. Qg2 Rf3 27. Nb5 Bb8 28. Nd4 R3f6 29. Rdc2 Be5 30. Nc6 Bd6 31. Nd4 h5 32. f4 Rg6 33. Qf3 Qh3 34. Qg2 Qg4 35. Qf3 e5 36. Qxg4 Rxg4 37. Nb5 Bb4 38. Kf2 exf4 39. exf4 Ba5 40. Rc8 Bb6+ 41. Kf3 Rg6 42. Rxf8+ Kxf8 43. Rd1 a6 44. Nc3 d4 45. Ne4 Rc6 46. a3 Ke7 47. h3 Rc2 48. Rd2 Rc1 49. g4 hxg4+ 50. hxg4 Ke6 51. Nf2 Kd5 52. Nd3 Rg1 53. Nb4+ Kc4 54. Nxa6 Re1 55. f5 Re3+ 56. Kf4 d3 57. Nb4 Bc5 58. Nc6 Rh3 59. Ne5+ Kd4 60. Nf3+ Kc4 61. Ke4 Rg3 62. Ne5+ Kb5 63. Rxd3 Rg2 64. b4 Re2+ 65. Kd5 Be7 66. Nf3 Re4 1-0

[Event "Belgrade City-chT"]
[Site "Belgrade"]
[Date "2013.10.27"]
[Round "2"]
[White "Pokrajac, Momcilo"]
[Black "Ivanovic, Nikola"]
[Result "1/2-1/2"]
[WhiteElo "1899"]
[BlackElo "2308"]
[PlyCount "142"]
[EventDate "2013.10.26"]
[EventType "team-tourn"]
[EventRounds "11"]
[EventCountry "SRB"]
[SourceTitle "EXT 2015"]
[Source "ChessBase"]
[SourceDate "2014.11.20"]
[SourceVersion "1"]
[SourceVersionDate "2014.11.20"]
[SourceQuality "1"]

1. e4 c5 2. Nf3 Nc6 3. d4 cxd4 4. Nxd4 e5 5. Nxc6 bxc6 6. Bc4 Nf6 7. Bg5 Qa5+ 8. Bd2 Qc5 9. Bd3 d5 10. exd5 cxd5 11. 0-0 Be7 12. a3 Qb6 13. Qe2 e4 14. Bb5+ Kf8 15. c4 d4 16. Bg5 Bg4 17. Qd2 Rd8 18. h3 Be6 19. a4 a6 20. Bxf6 Bxf6 21. c5 Qa7 22. Qa5 Qxc5 23. Qxa6 Qg5 24. Qc6 Bd5 25. Qc5+ Kg8 26. Bc6 h5 27. Bxd5 Rxd5 28. Qc6 Rh6 29. Qe8+ Kh7 30. Qxe4+ Rg6 31. f4 Qf5 32. Qxf5 Rxf5 33. a5 Rb5 34. Ra2 Bd8 35. Nd2 Rxa5 36. Rxa5 Bxa5 37. Nc4 Bb4 38. Kf2 Re6 39. Kf3 h4 40. Rd1 Bc5 41. Rd2 Re1 42. Re2 Rxe2 43. Kxe2 Kg6 44. Ne5+ Kf5 45. Kf3 f6 46. Nd3 Bb6 47. b4 Ke6 48. Nb2 Kd5 49. f5 Bc7 50. Ke2 Ke4 51. Nd3 Kxf5 52. Kf3 g5 53. b5 Ke6 54. Ke4 Bb6 55. Nb2 f5+ 56. Kd3 Kd5 57. Na4 Bc7 58. b6 Bb8 59. b7 g4 60. Nb6+ Kc6 61. Nc4 Kc5 62. Na5 gxh3 63. gxh3 Kb6 64. Nb3 Kxb7 65. Nxd4 f4 66. Ke4 Kc8 67. Nf5 Kd7 68. Nxh4 Ke6 69. Kf3 Kf6 70. Kg4 Kg7 71. Nf3 Kh6 1/2-1/2

[Event "SRB-chT quality"]
[Site "Belgrade"]
[Date "2010.10.31"]
[Round "11"]
[White "Pokrajac, Momcilo"]
[Black "Paulic, Branko"]
[Result "0-1"]
[WhiteElo "1926"]
[BlackElo "2131"]
[PlyCount "87"]
[EventDate "2010.10.09"]
[EventType "team-tourn"]
[EventRounds "11"]
[EventCountry "YUG"]
[SourceTitle "EXT 2011"]
[Source "ChessBase"]
[SourceDate "2010.11.26"]
[SourceVersion "1"]
[SourceVersionDate "2010.11.26"]
[SourceQuality "1"]

1. e4 e6 2. d4 d5 3. Nc3 Bb4 4. e5 Ne7 5. Bd3 c5 6. Bb5+ Bd7 7. Bxd7+ Nxd7 8. a3 Ba5 9. Nf3 cxd4 10. Qxd4 Nf5 11. Qd3 Rc8 12. b4 Bc7 13. Bg5 f6 14. exf6 gxf6 15. Bd2 Ne5 16. Nxe5 Bxe5 17. Rd1 Rc4 18. Ne2 Qd7 19. c3 h5 20. f4 Bc7 21. Nd4 Nxd4 22. cxd4 Qh7 23. Ke2 Qe4+ 24. Qxe4 dxe4 25. Rc1 Rxc1 26. Rxc1 Kd7 27. Ke3 f5 28. a4 Rg8 29. g3 Rc8 30. h3 a6 31. g4 hxg4 32. hxg4 fxg4 33. Kxe4 Rg8 34. Rg1 b5 35. axb5 axb5 36. d5 g3 37. dxe6+ Kxe6 38. Kf3 Rd8 39. Be3 Rd3 40. Ke4 Rxe3+ 41. Kxe3 Bb6+ 42. Kf3 Bxg1 43. Kxg3 Kf5 44. Kf3 0-1

[Event "SRB-chT quality"]
[Site "Belgrade"]
[Date "2010.10.29"]
[Round "9"]
[White "Pokrajac, Momcilo"]
[Black "Markovic, Misa"]
[Result "0-1"]
[WhiteElo "1926"]
[BlackElo "2193"]
[PlyCount "78"]
[EventDate "2010.10.09"]
[EventType "team-tourn"]
[EventRounds "11"]
[EventCountry "YUG"]
[SourceTitle "EXT 2011"]
[Source "ChessBase"]
[SourceDate "2010.11.26"]
[SourceVersion "1"]
[SourceVersionDate "2010.11.26"]
[SourceQuality "1"]

1. e4 e5 2. Nf3 Nc6 3. d4 exd4 4. Nxd4 Nf6 5. Nxc6 bxc6 6. Bd3 d6 7. 0-0 Be7 8. Nc3 0-0 9. h3 Bb7 10. Bd2 c5 11. Re1 Re8 12. Bf4 g6 13. Qd2 Nh5 14. Bh6 Bf6 15. g4 Ng7 16. Rad1 c6 17. Ne2 d5 18. exd5 cxd5 19. Ng3 Ne6 20. f4 c4 21. Bf1 Qb6+ 22. Kh2 Nd4 23. Bg2 Rxe1 24. Qxe1 Nxc2 25. Qe2 Ne3 26. Re1 d4 27. f5 Bxg2 28. Bxe3 dxe3 29. Qxg2 Rb8 30. Qe4 Qd4 31. Rxe3 Rxb2+ 32. Ne2 Qxe4 33. Rxe4 Rxa2 34. Kg3 c3 35. Nf4 c2 36. Ne2 Ra3+ 37. Kg2 Rc3 38. Nxc3 Bxc3 39. f6 h6 0-1

[Event "SRB-chT quality"]
[Site "Belgrade"]
[Date "2010.10.28"]
[Round "8"]
[White "Mikicic, Dusan"]
[Black "Pokrajac, Momcilo"]
[Result "1/2-1/2"]
[WhiteElo "2185"]
[BlackElo "1926"]
[PlyCount "65"]
[EventDate "2010.10.09"]
[EventType "team-tourn"]
[EventRounds "11"]
[EventCountry "YUG"]
[SourceTitle "EXT 2011"]
[Source "ChessBase"]
[SourceDate "2010.11.26"]
[SourceVersion "1"]
[SourceVersionDate "2010.11.26"]
[SourceQuality "1"]

1. e4 e5 2. Nf3 Nf6 3. d4 Nxe4 4. Bd3 d5 5. Nxe5 Nc6 6. Nxc6 bxc6 7. 0-0 Bd6 8. Qe2 0-0 9. Bxe4 dxe4 10. Qxe4 Bd7 11. Nd2 Qf6 12. Nf3 Bf5 13. Qe2 Rfe8 14. Be3 Re6 15. Qd2 h6 16. Bf4 Be4 17. Ne5 Rd8 18. Qe3 Bd5 19. Bg3 c5 20. c3 cxd4 21. cxd4 c5 22. f4 cxd4 23. Qxd4 Bc7 24. Qc3 Rc8 25. Kh1 Qf5 26. Qd4 Rd8 27. Qc3 Bb6 28. Rad1 Red6 29. Nf3 Rc6 30. Qe1 Re6 31. Qb4 Re2 32. Rfe1 Rde8 33. Rd2 1/2-1/2

[Event "SRB-chT quality"]
[Site "Belgrade"]
[Date "2010.10.23"]
[Round "5"]
[White "Milekic, Daniel"]
[Black "Pokrajac, Momcilo"]
[Result "1-0"]
[WhiteElo "2172"]
[BlackElo "1926"]
[PlyCount "31"]
[EventDate "2010.10.09"]
[EventType "team-tourn"]
[EventRounds "11"]
[EventCountry "YUG"]
[SourceTitle "EXT 2011"]
[Source "ChessBase"]
[SourceDate "2010.11.26"]
[SourceVersion "1"]
[SourceVersionDate "2010.11.26"]
[SourceQuality "1"]

1. d4 d5 2. c4 c6 3. Nf3 Nf6 4. Nc3 Bf5 5. Qb3 Qb6 6. c5 Qxb3 7. axb3 Na6 8. e4 dxe4 9. Bxa6 bxa6 10. Ne5 Bc8 11. Nxc6 e6 12. 0-0 h6 13. Bf4 Nd5 14. Nxd5 exd5 15. Nb4 Be7 16. Bd6 1-0

[Event "SRB-chT quality"]
[Site "Belgrade"]
[Date "2010.10.17"]
[Round "4"]
[White "Pokrajac, Momcilo"]
[Black "Kostic, Milutin B"]
[Result "1/2-1/2"]
[WhiteElo "1926"]
[BlackElo "2301"]
[PlyCount "107"]
[EventDate "2010.10.09"]
[EventType "team-tourn"]
[EventRounds "11"]
[EventCountry "YUG"]
[SourceTitle "EXT 2011"]
[Source "ChessBase"]
[SourceDate "2010.11.26"]
[SourceVersion "1"]
[SourceVersionDate "2010.11.26"]
[SourceQuality "1"]

1. e4 c6 2. Nf3 d5 3. exd5 cxd5 4. d4 g6 5. Bd3 Nf6 6. c3 Bg7 7. 0-0 Nc6 8. Bf4 0-0 9. Nbd2 Bf5 10. Bxf5 gxf5 11. Qc2 Ne4 12. Rad1 Rc8 13. Qd3 e6 14. Qe3 Qf6 15. Rfe1 Qg6 16. g3 f6 17. Nh4 Qh5 18. f3 e5 19. fxe4 exf4 20. Qxf4 fxe4 21. Qf5 Qxf5 22. Nxf5 Rcd8 23. Nf1 Rfe8 24. N1e3 Bf8 25. Rf1 b5 26. Rf4 Re6 27. Kg2 Ne7 28. Nxe7+ Bxe7 29. Rf5 Red6 30. Rdf1 R6d7 31. Rh5 b4 32. Rff5 bxc3 33. bxc3 Rc8 34. Nxd5 Bd8 35. Rh4 Rb8 36. Rxe4 Rb2+ 37. Kh3 Kf7 38. Rh5 Kg7 39. Rg4+ Kf8 40. Rf5 Kf7 41. Rgf4 Rd6 42. c4 Rxa2 43. Rh5 Kg8 44. Rh6 Rd2 45. Rh5 a5 46. c5 Re6 47. Kg4 a4 48. Kf5 Ra6 49. Rfh4 Ra7 50. c6 a3 51. c7 Rf2+ 52. Ke6 Re2+ 53. Kd7 Bxc7 54. Nxf6+ 1/2-1/2

[Event "Belgrade Winter op"]
[Site "Belgrade"]
[Date "2007.01.28"]
[Round "5"]
[White "Pokrajac, Momcilo"]
[Black "Momirovic, Milan"]
[Result "0-1"]
[WhiteElo "1969"]
[BlackElo "1868"]
[PlyCount "88"]
[EventDate "2007.01.24"]
[EventType "swiss"]
[EventRounds "9"]
[EventCountry "YUG"]
[SourceTitle "EXT 2010"]
[Source "ChessBase"]
[SourceDate "2010.11.25"]
[SourceVersion "1"]
[SourceVersionDate "2010.11.25"]
[SourceQuality "1"]

1. e4 c5 2. Nf3 d6 3. Bc4 Nc6 4. 0-0 Nf6 5. Nc3 e6 6. Re1 Be7 7. d4 cxd4 8. Nxd4 0-0 9. Be3 a6 10. Qe2 Na5 11. Bd3 Bd7 12. Rad1 Qc7 13. h3 Rac8 14. Bd2 Nc4 15. Bc1 Ne5 16. f4 Nxd3 17. Qxd3 Qb6 18. Kh1 Rfd8 19. Qg3 Kh8 20. e5 Ne8 21. Ne4 d5 22. Ng5 Bxg5 23. Qxg5 Qc5 24. c3 Qf8 25. Re3 g6 26. Rf1 Ng7 27. g4 Re8 28. h4 Qe7 29. Qh6 f5 30. exf6 Qxf6 31. Nf3 Re7 32. Re5 Bc6 33. Be3 Bb5 34. Rf2 Bd3 35. Bd4 Qf8 36. Ng5 Qd8 37. h5 gxh5 38. Rxe6 Rcc7 39. f5 Be4+ 40. Kh2 hxg4 41. Rxe7 Rxe7 42. f6 Qb8+ 43. Kg1 Qg3+ 44. Kf1 Bd3+ 0-1

[Event "Belgrade Winter op"]
[Site "Belgrade"]
[Date "2007.01.24"]
[Round "1"]
[White "Pokrajac, Momcilo"]
[Black "Klasan, Vladimir"]
[Result "0-1"]
[WhiteElo "1969"]
[BlackElo "2276"]
[PlyCount "64"]
[EventDate "2007.01.24"]
[EventType "swiss"]
[EventRounds "9"]
[EventCountry "YUG"]
[SourceTitle "EXT 2010"]
[Source "ChessBase"]
[SourceDate "2010.11.25"]
[SourceVersion "1"]
[SourceVersionDate "2010.11.25"]
[SourceQuality "1"]

1. e4 c5 2. Nf3 d6 3. Nc3 Nc6 4. Bc4 Nf6 5. 0-0 e6 6. d4 cxd4 7. Nxd4 Be7 8. Be2 0-0 9. Be3 a6 10. a3 Qc7 11. Bf3 Bd7 12. Re1 Na5 13. Bc1 Rac8 14. Qe2 Rfd8 15. Rb1 Nc4 16. Qd1 b5 17. Be2 Nxa3 18. Ra1 Nc4 19. Rxa6 b4 20. b3 Ne5 21. Ncb5 Bxb5 22. Bxb5 d5 23. f4 dxe4 24. fxe5 Qxe5 25. Bc4 Rxd4 26. Qe2 Rd7 27. Rf1 Bc5+ 28. Kh1 e3 29. Re1 h5 30. h3 Ne4 31. Qf3 Ng3+ 32. Kh2 Nf1+ 0-1

[Event "Belgrade Trophy 19th"]
[Site "Belgrade"]
[Date "2006.11.26"]
[Round "5"]
[White "Pokrajac, Momcilo"]
[Black "Stojanovic, Marija R"]
[Result "1/2-1/2"]
[WhiteElo "1984"]
[BlackElo "2185"]
[PlyCount "47"]
[EventDate "2006.11.22"]
[EventType "swiss"]
[EventRounds "9"]
[EventCountry "YUG"]
[SourceTitle "CBM 115 Extra"]
[Source "ChessBase"]
[SourceDate "2007.01.10"]
[SourceVersion "1"]
[SourceVersionDate "2007.01.10"]
[SourceQuality "1"]

1. d4 Nf6 2. c4 c5 3. e3 e6 4. Nc3 cxd4 5. exd4 d5 6. Nf3 Be7 7. Be2 0-0 8. 0-0 dxc4 9. Bxc4 Nc6 10. h3 b6 11. Bf4 Nb4 12. Qe2 Nbd5 13. Be5 Bb7 14. Rac1 Rc8 15. Ba6 Qd7 16. Bxb7 Qxb7 17. Rfe1 Rfd8 18. Ne4 Rxc1 19. Rxc1 Rc8 20. Rxc8+ Qxc8 21. Nd6 Bxd6 22. Bxd6 Qc6 23. Ba3 h6 24. Qe5 1/2-1/2

[Event "Belgrade Ada op"]
[Site "Belgrade"]
[Date "2005.08.22"]
[Round "8"]
[White "Pokrajac, Momcilo"]
[Black "Jakovljevic, Zivota"]
[Result "0-1"]
[WhiteElo "1974"]
[BlackElo "2211"]
[PlyCount "74"]
[EventDate "2005.08.15"]
[EventType "swiss"]
[EventRounds "9"]
[EventCountry "YUG"]
[SourceTitle "CBM 107 Extra"]
[Source "ChessBase"]
[SourceDate "2005.09.01"]
[SourceVersion "1"]
[SourceVersionDate "2005.09.01"]
[SourceQuality "1"]

1. d4 d5 2. c4 c6 3. Nf3 Nf6 4. Nc3 e6 5. Bg5 Nbd7 6. cxd5 exd5 7. e3 Qa5 8. Nd2 Bd6 9. Bd3 Qc7 10. h3 h6 11. Bxf6 Nxf6 12. 0-0 0-0 13. Rc1 a6 14. Bb1 g6 15. Qf3 Kg7 16. a3 Bd7 17. e4 dxe4 18. Ndxe4 Nxe4 19. Bxe4 f5 20. Bd3 Rae8 21. Rfd1 Qb8 22. Bf1 Re7 23. Na4 Be6 24. Qc3 Rfe8 25. Nc5 Bd5 26. Bc4 Bf4 27. Rb1 Bxc4 28. Qxc4 Bh2+ 29. Kf1 Bd6 30. Nd3 Re4 31. Qc3 Kh7 32. Nc5 Bxc5 33. dxc5 Qh2 34. Rd7+ R8e7 35. f3 Qh1+ 36. Kf2 Re2+ 37. Kg3 Qxg2+ 0-1

[Event "Belgrade Ada op"]
[Site "Belgrade"]
[Date "2005.08.17"]
[Round "3"]
[White "Starcevic, Goran"]
[Black "Pokrajac, Momcilo"]
[Result "0-1"]
[WhiteElo "2188"]
[BlackElo "1974"]
[PlyCount "113"]
[EventDate "2005.08.15"]
[EventType "swiss"]
[EventRounds "9"]
[EventCountry "YUG"]
[SourceTitle "CBM 107 Extra"]
[Source "ChessBase"]
[SourceDate "2005.09.01"]
[SourceVersion "1"]
[SourceVersionDate "2005.09.01"]
[SourceQuality "1"]

1. d4 Nf6 2. Nf3 d5 3. e3 Bg4 4. c4 e6 5. Qb3 Qc8 6. Nc3 c6 7. h3 Bf5 8. g4 Be4 9. Nxe4 Nxe4 10. Nd2 dxc4 11. Nxc4 Be7 12. Bg2 Nd6 13. Ne5 0-0 14. Bd2 Na6 15. Rc1 Rb8 16. Qc2 f6 17. Nd3 Nf7 18. b4 Nc7 19. a4 a6 20. 0-0 Kh8 21. f4 Bd6 22. Qb2 Qd8 23. e4 Be7 24. Bc3 Na8 25. Rcd1 Qc8 26. Qb3 Nc7 27. Nc5 b6 28. Nd3 c5 29. d5 exd5 30. exd5 Nd6 31. bxc5 bxc5 32. Qa2 Nce8 33. Rfe1 Bd8 34. f5 a5 35. Nf4 Bb6 36. Ne6 Rg8 37. Kh1 Qa6 38. Bf1 c4 39. Bg2 Qa7 40. Qd2 Rc8 41. Qf4 Bc5 42. g5 Bb4 43. Bd4 Qd7 44. Nf8 Rxf8 45. Re6 c3 46. g6 c2 47. Rf1 Ba3 48. Be3 Rc4 49. Be4 c1Q 50. Bxc1 Rxc1 51. Rxc1 Bxc1 52. Qxc1 Nxe4 53. Qc4 N4d6 54. Qh4 h6 55. Qf4 Nb7 56. Qe4 Nc7 57. Rxf6 0-1

[Event "Belgrade Ada op"]
[Site "Belgrade"]
[Date "2005.08.15"]
[Round "1"]
[White "Stamenkovic, Aleksandar"]
[Black "Pokrajac, Momcilo"]
[Result "1-0"]
[WhiteElo "2272"]
[BlackElo "1974"]
[PlyCount "63"]
[EventDate "2005.08.15"]
[EventType "swiss"]
[EventRounds "9"]
[EventCountry "YUG"]
[SourceTitle "CBM 107 Extra"]
[Source "ChessBase"]
[SourceDate "2005.09.01"]
[SourceVersion "1"]
[SourceVersionDate "2005.09.01"]
[SourceQuality "1"]

1. d4 Nf6 2. c4 g6 3. Nc3 Bg7 4. e4 d6 5. f3 0-0 6. Be3 c6 7. Qd2 Nbd7 8. Nh3 e5 9. Nf2 Qc7 10. Be2 a6 11. Rc1 Qa5 12. 0-0 b5 13. a3 Bb7 14. Rfd1 bxc4 15. dxe5 dxe5 16. Bxc4 Rad8 17. b4 Qc7 18. Qe2 Qc8 19. Nd3 Qa8 20. Na4 a5 21. Nb6 Qb8 22. bxa5 Nxb6 23. axb6 Nd7 24. a4 Qa8 25. a5 Ba6 26. Nb4 Bxc4 27. Qxc4 Nb8 28. a6 Rd4 29. Bxd4 exd4 30. b7 Qa7 31. Qc5 Qxc5 32. Rxc5 1-0

[Event "Belgrade Jezero op 09th"]
[Site "Belgrade"]
[Date "2003.08.21"]
[Round "8"]
[White "Jovanovic, Sasa T"]
[Black "Pokrajac, Momcilo"]
[Result "1-0"]
[WhiteElo "2306"]
[BlackElo "2028"]
[PlyCount "59"]
[EventDate "2003.08.14"]
[EventType "swiss"]
[EventRounds "9"]
[EventCountry "YUG"]
[SourceTitle "EXT 2004"]
[Source "ChessBase"]
[SourceDate "2003.11.25"]
[SourceVersion "1"]
[SourceVersionDate "2003.11.25"]
[SourceQuality "1"]

1. d4 Nf6 2. c4 d6 3. Nf3 Nbd7 4. Nc3 e6 5. e4 e5 6. Be2 c6 7. 0-0 Be7 8. h3 0-0 9. Be3 a6 10. d5 c5 11. Ne1 Ne8 12. Qd2 Nc7 13. a3 f5 14. exf5 Rxf5 15. Ne4 Rf8 16. b4 b6 17. bxc5 bxc5 18. Nd3 Nf6 19. Ng3 Rb8 20. Rab1 Bd7 21. Nxe5 Rxb1 22. Rxb1 Bxh3 23. Nc6 Qd7 24. gxh3 Re8 25. Bf1 Bf8 26. Bg2 Qf7 27. Rb7 Rc8 28. Qc2 g6 29. Ne4 Bg7 30. Nxd6 1-0

[Event "Belgrade Jezero op 09th"]
[Site "Belgrade"]
[Date "2003.08.14"]
[Round "1"]
[White "Pokrajac, Momcilo"]
[Black "Vasiljevic, Dragan"]
[Result "0-1"]
[WhiteElo "2028"]
[BlackElo "2327"]
[PlyCount "96"]
[EventDate "2003.08.14"]
[EventType "swiss"]
[EventRounds "9"]
[EventCountry "YUG"]
[SourceTitle "EXT 2004"]
[Source "ChessBase"]
[SourceDate "2003.11.25"]
[SourceVersion "1"]
[SourceVersionDate "2003.11.25"]
[SourceQuality "1"]

1. e4 d6 2. d4 Nf6 3. Bd3 e5 4. Ne2 exd4 5. Nxd4 Be7 6. 0-0 0-0 7. Qe2 Nbd7 8. c3 Nc5 9. Bc2 a5 10. a4 Re8 11. Re1 Bf8 12. f3 g6 13. Bg5 Bg7 14. Nd2 Ne6 15. Be3 d5 16. Rad1 c6 17. N2b3 Qc7 18. exd5 Nxd5 19. Bf2 Bd7 20. Qd2 Be5 21. g3 Bg7 22. Nxe6 Bxe6 23. Nc5 Bh3 24. Rxe8+ Rxe8 25. Be4 Nf6 26. Qd6 Qc8 27. Bd4 Rd8 28. Qe7 b6 29. Nd3 Re8 30. Qd6 Nxe4 31. fxe4 Rd8 32. Qf4 Bxd4+ 33. cxd4 Rxd4 34. Nf2 Rxd1+ 35. Nxd1 Qd8 36. Qc1 Qd4+ 37. Nf2 Bd7 38. Qd1 Qxd1+ 39. Nxd1 f6 40. Kf2 Kf7 41. Ke3 Ke6 42. Nc3 Ke5 43. Kd3 Bh3 44. Ke3 Bf1 45. Nd1 Bc4 46. Nc3 Bb3 47. Kd3 Ke6 48. Kd4 Kd6 0-1